World Countries With At Least 1 Million People - Statistics

General Stats
  • This quiz has been taken 16 times
  • The average score is 131 of 158
Answers on the Map
Answers color-coded by a green-red scale on the quiz's map according to % correct below.
 
Answer Stats
Answer % Correct
Canada
100%
Albania
92%
Argentina
92%
Armenia
92%
Australia
92%
Austria
92%
Belarus
92%
Belgium
92%
Bosnia And Herzegovina
92%
Brazil
92%
Bulgaria
92%
Chile
92%
Colombia
92%
Croatia
92%
Cuba
92%
Czechia
92%
Denmark
92%
Dominican Republic
92%
Ecuador
92%
El Salvador
92%
Estonia
92%
Finland
92%
France
92%
Georgia
92%
Germany
92%
Greece
92%
Haiti
92%
Honduras
92%
Hungary
92%
Ireland
92%
Italy
92%
Kazakhstan
92%
Latvia
92%
Lithuania
92%
Mexico
92%
Moldova
92%
Morocco
92%
Netherlands
92%
Nicaragua
92%
Norway
92%
Panama
92%
Paraguay
92%
Peru
92%
Poland
92%
Portugal
92%
Romania
92%
Russia
92%
Serbia
92%
Slovakia
92%
Slovenia
92%
Spain
92%
Sweden
92%
Switzerland
92%
Tunisia
92%
Turkey
92%
Ukraine
92%
United Kingdom
92%
United States of America
92%
Venezuela
92%
Afghanistan
83%
Algeria
83%
Azerbaijan
83%
Benin
83%
Bolivia
83%
Cambodia
83%
Central African Republic
83%
Chad
83%
China
83%
Congo
83%
Costa Rica
83%
Egypt
83%
Ethiopia
83%
Guatemala
83%
Guinea
83%
Guinea-Bissau
83%
India
83%
Iran
83%
Iraq
83%
Jamaica
83%
Japan
83%
Jordan
83%
Kenya
83%
Kyrgyzstan
83%
Laos
83%
Lesotho
83%
Liberia
83%
Libya
83%
Madagascar
83%
Malaysia
83%
Mali
83%
Mongolia
83%
Nepal
83%
New Zealand
83%
Niger
83%
Nigeria
83%
North Korea
83%
North Macedonia
83%
Oman
83%
Pakistan
83%
Papua New Guinea
83%
Philippines
83%
Qatar
83%
Saudi Arabia
83%
Senegal
83%
Sierra Leone
83%
South Africa
83%
South Korea
83%
South Sudan
83%
Sudan
83%
Syria
83%
Taiwan
83%
Tajikistan
83%
Thailand
83%
Turkmenistan
83%
Uganda
83%
Uruguay
83%
Uzbekistan
83%
Vietnam
83%
Yemen
83%
Angola
75%
Bangladesh
75%
Botswana
75%
Burkina Faso
75%
Burundi
75%
Cameroon
75%
Cyprus
75%
Equatorial Guinea
75%
Eritrea
75%
Eswatini
75%
Gabon
75%
Ghana
75%
Indonesia
75%
Israel
75%
Lebanon
75%
Malawi
75%
Mauritania
75%
Mozambique
75%
Myanmar
75%
Namibia
75%
Rwanda
75%
Somalia
75%
Sri Lanka
75%
Tanzania
75%
Togo
75%
United Arab Emirates
75%
Zambia
75%
Bahrain
67%
Côte d'Ivoire
67%
Djibouti
67%
Kuwait
67%
Singapore
67%
Timor-Leste
67%
Zimbabwe
67%
Trinidad and Tobago
58%
DR Congo
50%
Gambia
50%
Mauritius
42%
Palestine
8%
No matching quizzes found
Score Distribution
Percent of People with Each Score
Percentile by Number Answered
Your Score History
You have not taken this quiz